Silver Line Stops - MBTA - Statistics

General Stats
  • This quiz has been taken 23 times
  • The average score is 16 of 44
Answer Stats
Hint Answer % Correct
SL1 South Station
100%
SL2 South Station
100%
SL3 South Station
100%
SL3 Airport
89%
SL1 World Trade Center
83%
SL2 World Trade Center
83%
SL3 World Trade Center
83%
SL3 Chelsea
78%
SL1 Silver Line Way
78%
SL2 Silver Line Way
78%
SL3 Silver Line Way
78%
SL1 Courthouse
72%
SL2 Courthouse
72%
SL3 Courthouse
72%
SL3 Box District
61%
SL3 Bellingham Square
56%
SL4 Nubian
56%
SL5 Nubian
56%
SL1 Terminal A
56%
SL2 23 Drydock Ave
50%
SL3 Eastern Avenue
44%
SL4 Chinatown Gate
22%
SL4 Essex St @ Atlantic Ave
0%
SL2 Northern Ave @ Harbor Street
0%
SL2 Northern Ave @ Tide Street
0%
SL5 Temple Pl @ Washington St
0%
SL5 Tremont St @ Boylston Station
0%
SL4 Washington St @ E Berkeley St
0%
SL5 Washington St @ E Berkeley St
0%
SL4 Washington St @ Herald St
0%
SL5 Washington St @ Herald St
0%
SL4 Washington St @ Lenox St
0%
SL5 Washington St @ Lenox St
0%
SL4 Washington St @ Massachusetts Ave
0%
SL5 Washington St @ Massachusetts Ave
0%
SL4 Washington St @ Melnea Cass Blvd
0%
SL5 Washington St @ Melnea Cass Blvd
0%
SL4 Washington St @ Tufts Med Ctr
0%
SL5 Washington St @ Tufts Med Ctr
0%
SL5 Washington St @ W Dedham St
0%
SL4 Washington St @ W Newton St
0%
SL5 Washington St @ W Newton St
0%
SL4 Washington St @ Worcester St
0%
SL5 Washington St @ Worcester St
0%
No matching quizzes found
Score Distribution
Percent of People with Each Score
Percentile by Number Answered
Your Score History
You have not taken this quiz